000 00453nam a2200157Ia 4500
999 _c189
_d189
003 OSt
005 20201223155512.0
008 190216s9999||||xx |||||||||||||| ||und||
040 _coclc
082 _a297.1242
_bDAU/S
100 _aDaud, Imam Abu
_97836
245 0 _aSunanu Abu Daud /
_cImam Abu Daud
260 _bSahithya Pravarthaka Sahakarana Sangam,
650 _aArabic
942 _cBK
_2ddc
_h297.1242
_iDAU/S
_k297.1242
_mDAU/S